| 000 | 00497nam a2200181Ia 4500 | ||
|---|---|---|---|
| 001 | 12671 | ||
| 005 | 20260306162958.0 | ||
| 008 | 260306t2019||||xx |||||||||||||| ||spa|| | ||
| 041 | _aESP | ||
| 082 |
_aHR 624 _bNº 356 2019 CI |
||
| 110 | _aCámara Peruana de la Construcción | ||
| 245 | 0 |
_aConstrucción e industria: _brevista de la Cámara Peruana de la Construcción |
|
| 260 | _c2019 | ||
| 300 |
_a64 páginas : _c29 cm. |
||
| 650 | _aGEN | ||
| 654 | _aCIC | ||
| 942 |
_cREV _dJUS _fJUS _2ddc _n |
||
| 999 |
_c12671 _d12671 |
||